000 00624nam a2200205Ii 4500
003 JO-AjNU
008 230606s9999||||xx |||||||||||||| ||und||
020 _a978-81-203-3248-3
040 _aJO-AjNU
_beng
_erda
_cJO-AjNU
041 _aeng
050 1 4 _aLC4015 2007
100 3 _aMangal S.K,
_eauthor
_91358
245 0 0 _aEducating Exceptional Children An Introduction To Special Education
264 3 1 _aNew Delhi:Hall Of India Private Limited,2007
300 _a584P
336 _atext
_btxt
_2rdacontent
337 _aunmediated
_bn
_2rdamedia
338 _avolume
_bnc
_2rdacarrier
650 4 _a Special education
_91359
999 _aE717
_c717
_d717